[Event "NRW Class2 0708"]
[Site "Germany"]
[Date "2008.02.10"]
[Round "6.4"]
[White "Bornemann, Michael"]
[Black "Mertens, Heiko"]
[Result "0-1"]
[WhiteElo "2173"]
[BlackElo "2293"]
[PlyCount "72"]
[EventDate "2007.09.16"]
[EventType "team"]
[EventRounds "9"]
[EventCountry "GER"]
[SourceTitle "EXT 2009"]
[Source "ChessBase"]
[SourceDate "2008.11.26"]
[SourceVersion "1"]
[SourceVersionDate "2008.11.26"]
[SourceQuality "1"]
[WhiteTeam "Hagen"]
[BlackTeam "Godesberg II"]
[WhiteTeamCountry "GER"]
[BlackTeamCountry "GER"]

1. d4 Nf6 2. c4 e6 3. Nc3 c5 4. d5 exd5 5. cxd5 d6 6. e4 g6 7. f4 Bg7 8. Nf3 0-0 9. Be2 Re8 10. e5 dxe5 11. fxe5 Ng4 12. Bg5 f6 13. h3 Nxe5 14. Nxe5 fxg5 15. Nf3 g4 16. hxg4 Bxg4 17. 0-0 Qe7 18. d6 Qe3+ 19. Rf2 Bxf3 20. Bxf3 Bd4 21. Qb3+ Kh8 22. Raf1 Nd7 23. Qf7 Qe6 24. Qxe6 Rxe6 25. Nb5 Bxf2+ 26. Rxf2 Re1+ 27. Kh2 Rf8 28. Rd2 a6 29. Nc7 b6 30. Nxa6 Ne5 31. Nc7 Nc4 32. Rd5 Rd8 33. d7 Ne5 34. Na8 Rxd7 35. Nxb6 Nxf3+ 36. gxf3 Re2+ 0-1

[Event "Unna op"]
[Site "Unna"]
[Date "2007.12.29"]
[Round "5"]
[White "Bornemann, Michael"]
[Black "Savchenko, Aleksij"]
[Result "1/2-1/2"]
[WhiteElo "2173"]
[BlackElo "2183"]
[PlyCount "77"]
[EventDate "2007.12.27"]
[EventType "swiss"]
[EventRounds "7"]
[EventCountry "GER"]
[SourceTitle "CBM 122 Extra"]
[Source "ChessBase"]
[SourceDate "2008.03.04"]
[SourceVersion "1"]
[SourceVersionDate "2008.03.04"]
[SourceQuality "1"]

1. d4 Nf6 2. c4 e6 3. Nc3 Bb4 4. Qc2 c5 5. dxc5 Na6 6. a3 Bxc5 7. e3 0-0 8. b4 Be7 9. Nf3 b6 10. Bb2 Bb7 11. Be2 Rc8 12. Qa4 Qc7 13. c5 bxc5 14. Bxa6 Bxa6 15. Qxa6 cxb4 16. Ne2 Qb6 17. Qxb6 axb6 18. 0-0 Rc2 19. Bxf6 Bxf6 20. Ned4 Rb2 21. axb4 e5 22. Nb5 Rxb4 23. Rab1 Rc4 24. Rfd1 e4 25. Nfd4 Be5 26. f4 exf3 27. Nxf3 Bf6 28. Rxd7 Re4 29. Nc7 Be7 30. Rxb6 Rxe3 31. Rb7 Bc5 32. Kf1 h6 33. Nd4 Rd3 34. Nce6 fxe6+ 35. Ke2 Bxd4 36. Kxd3 Bf6 37. g4 Rc8 38. Rbc7 Ra8 39. Ra7 1/2-1/2

[Event "NRW Class2 0708"]
[Site "Germany"]
[Date "2007.11.04"]
[Round "3.6"]
[White "Dahlmann, Dirk"]
[Black "Bornemann, Michael"]
[Result "0-1"]
[WhiteElo "2259"]
[BlackElo "2173"]
[PlyCount "71"]
[EventDate "2007.09.16"]
[EventType "team"]
[EventRounds "9"]
[EventCountry "GER"]
[SourceTitle "EXT 2009"]
[Source "ChessBase"]
[SourceDate "2008.11.26"]
[SourceVersion "1"]
[SourceVersionDate "2008.11.26"]
[SourceQuality "1"]
[WhiteTeam "Bochum II"]
[BlackTeam "Hagen"]
[WhiteTeamCountry "GER"]
[BlackTeamCountry "GER"]

1. Nf3 d5 2. g3 Nf6 3. Bg2 e6 4. 0-0 b6 5. c4 Bb7 6. cxd5 exd5 7. Nc3 Be7 8. d4 0-0 9. Bf4 Bd6 10. Ne5 c6 11. Rc1 Qe7 12. e4 dxe4 13. Nxe4 Bxe5 14. dxe5 Nxe4 15. Bxe4 c5 16. Bg5 Qc7 17. Qg4 Bxe4 18. Qxe4 Nc6 19. f4 Rac8 20. Rfd1 Rfe8 21. Qf5 Re6 22. b4 Nxb4 23. Rd6 Nc6 24. Qg4 h5 25. Qh3 Rce8 26. Rxe6 Rxe6 27. Qxh5 Nd4 28. Qg4 Rg6 29. Kf2 Qc6 30. Re1 f6 31. h4 fxg5 32. f5 Rh6 33. e6 Nxf5 34. e7 Nxe7 35. hxg5 Rh2+ 36. Ke3 0-1

[Event "NRW Class2 0607"]
[Site "Germany"]
[Date "2007.03.18"]
[Round "7.5"]
[White "Zeldin, Leonid"]
[Black "Bornemann, Michael"]
[Result "1/2-1/2"]
[WhiteElo "1876"]
[BlackElo "2173"]
[PlyCount "25"]
[EventDate "2006.09.17"]
[EventType "team-tourn"]
[EventRounds "9"]
[EventCountry "GER"]
[SourceTitle "EXT 2008"]
[Source "ChessBase"]
[SourceDate "2007.11.25"]
[SourceVersion "1"]
[SourceVersionDate "2007.11.25"]
[SourceQuality "1"]
[WhiteTeam "Bochum 31 II"]
[BlackTeam "Hagen"]
[WhiteTeamCountry "GER"]
[BlackTeamCountry "GER"]

1. e4 e6 2. d4 d5 3. exd5 exd5 4. Bd3 Nf6 5. Nf3 Bd6 6. 0-0 0-0 7. Bg5 Bg4 8. Nbd2 Nbd7 9. c3 c5 10. Qc2 h6 11. Bh4 Rc8 12. h3 Be6 13. Bf5 1/2-1/2

[Event "NRW Class2 0607"]
[Site "Germany"]
[Date "2006.11.26"]
[Round "3.5"]
[White "Bornemann, Michael"]
[Black "Muschik, Benedikt"]
[Result "1-0"]
[WhiteElo "2173"]
[BlackElo "2205"]
[PlyCount "69"]
[EventDate "2006.09.17"]
[EventType "team-tourn"]
[EventRounds "9"]
[EventCountry "GER"]
[SourceTitle "EXT 2008"]
[Source "ChessBase"]
[SourceDate "2007.11.25"]
[SourceVersion "1"]
[SourceVersionDate "2007.11.25"]
[SourceQuality "1"]
[WhiteTeam "Hagen"]
[BlackTeam "Muenster II"]
[WhiteTeamCountry "GER"]
[BlackTeamCountry "GER"]

1. d4 Nf6 2. c4 c5 3. d5 b5 4. cxb5 a6 5. Nc3 axb5 6. e4 b4 7. Nb5 d6 8. Bc4 Nbd7 9. Nf3 Ra5 10. Qe2 Qb6 11. a4 bxa3 12. Rxa3 Ng4 13. Bf4 f6 14. 0-0 Rxa3 15. bxa3 g6 16. Rb1 Nge5 17. Nxe5 Nxe5 18. Bxe5 fxe5 19. Nc3 Qa7 20. Bb5+ Kf7 21. Qf3+ Kg7 22. Be8 e6 23. dxe6 Bxe6 24. Bc6 Qf7 25. Rb7 Be7 26. Bd5 Qxf3 27. gxf3 Kf6 28. a4 Bc8 29. Rb8 Rd8 30. a5 Bh3 31. Rb6 Rd7 32. a6 Bd8 33. Rb7 Rxb7 34. Bxb7 Bb6 35. Nd5+ 1-0

[Event "Canarias en Red prel 5th"]
[Site "Playchess.com INT"]
[Date "2004.05.07"]
[Round "4"]
[White "Saltaev, Mihail"]
[Black "Bornemann, Michael"]
[Result "1-0"]
[WhiteElo "2484"]
[BlackElo "2204"]
[PlyCount "43"]
[EventDate "2004.05.07"]
[EventType "swiss (blitz)"]
[EventRounds "13"]
[EventCountry "GER"]
[SourceTitle "EXT 2005"]
[Source "ChessBase"]
[SourceDate "2004.11.15"]
[SourceVersion "1"]
[SourceVersionDate "2004.11.15"]
[SourceQuality "1"]

1. e4 e6 2. d4 d5 3. Nd2 c5 4. Ngf3 cxd4 5. exd5 Qxd5 6. Bc4 Qd6 7. 0-0 Nf6 8. Re1 Nc6 9. Ne4 Nxe4 10. Rxe4 Be7 11. Nxd4 Nxd4 12. Rxd4 Qb6 13. Be3 0-0 14. Bd3 Bc5 15. Rh4 g6 16. Bxc5 Qxc5 17. Qd2 Qe7 18. Qh6 f5 19. Rc4 Bd7 20. Rc7 Rac8 21. Rxb7 Bc6 22. Rxe7 1-0

[Event "Canarias en Red prel 2nd"]
[Site "Playchess.com INT"]
[Date "2004.05.04"]
[Round "8"]
[White "Bornemann, Michael"]
[Black "Deren, Marcin"]
[Result "1-0"]
[WhiteElo "2204"]
[BlackElo "2023"]
[PlyCount "39"]
[EventDate "2004.05.04"]
[EventType "swiss (blitz)"]
[EventRounds "13"]
[EventCountry "GER"]
[SourceTitle "EXT 2005"]
[Source "ChessBase"]
[SourceDate "2004.11.15"]
[SourceVersion "1"]
[SourceVersionDate "2004.11.15"]
[SourceQuality "1"]

1. d4 f5 2. e4 fxe4 3. Nc3 Nf6 4. f3 exf3 5. Nxf3 e6 6. Bd3 g6 7. 0-0 Bg7 8. Bg5 0-0 9. Ne5 d6 10. Nxg6 hxg6 11. Bxg6 Qd7 12. Bxf6 Bxf6 13. Ne4 Bh8 14. Rxf8+ Kxf8 15. Qf3+ Kg8 16. Ng5 Nc6 17. Bf7+ Kg7 18. Qh5 Kf6 19. Rf1+ Ke7 20. Bxe6 1-0

[Event "Canarias en Red prel 2nd"]
[Site "Playchess.com INT"]
[Date "2004.05.04"]
[Round "12"]
[White "Lagumina, Giulio"]
[Black "Bornemann, Michael"]
[Result "1-0"]
[WhiteElo "2311"]
[BlackElo "2204"]
[PlyCount "43"]
[EventDate "2004.05.04"]
[EventType "swiss (blitz)"]
[EventRounds "13"]
[EventCountry "GER"]
[SourceTitle "EXT 2005"]
[Source "ChessBase"]
[SourceDate "2004.11.15"]
[SourceVersion "1"]
[SourceVersionDate "2004.11.15"]
[SourceQuality "1"]

1. e4 e6 2. d4 d5 3. Nc3 Bb4 4. exd5 exd5 5. Bd3 c5 6. dxc5 d4 7. a3 Qa5 8. axb4 Qxa1 9. Nb5 Na6 10. Nd6+ Kf8 11. Nf3 Nxb4 12. 0-0 Nxd3 13. Qxd3 Qa6 14. Re1 Nf6 15. Qb3 Be6 16. Rxe6 fxe6 17. Qxe6 Qxd6 18. Qxd6+ Kf7 19. Ne5+ Ke8 20. c6 Rd8 21. Qe6+ Kf8 22. Qf7# 1-0

[Event "NRW Class2 0304"]
[Site "Germany"]
[Date "2004.01.11"]
[Round "5.3"]
[White "Bornemann, Michael"]
[Black "Mueller, Michael2222"]
[Result "1/2-1/2"]
[WhiteElo "2204"]
[BlackElo "2243"]
[PlyCount "81"]
[EventDate "2003.09.28"]
[EventType "team"]
[EventRounds "9"]
[EventCountry "GER"]
[SourceTitle "CBM 098 Extra"]
[Source "ChessBase"]
[SourceDate "2004.03.10"]
[SourceVersion "2"]
[SourceVersionDate "2004.03.10"]
[SourceQuality "1"]
[WhiteTeam "Hagen"]
[BlackTeam "Duesseldorf"]
[WhiteTeamCountry "GER"]
[BlackTeamCountry "GER"]

1. d4 e6 2. c4 Bb4+ 3. Nc3 f5 4. Nf3 Nf6 5. Qb3 Be7 6. g3 0-0 7. Bg2 d5 8. 0-0 c6 9. Bf4 Qe8 10. Rac1 Nbd7 11. Ng5 Nb6 12. c5 Nc4 13. Qc2 b6 14. b3 Na5 15. Bc7 h6 16. Nf3 Bd8 17. Bd6 Be7 18. Bxe7 Qxe7 19. Ne5 Qc7 20. b4 bxc5 21. bxa5 cxd4 22. Ng6 dxc3 23. Nxf8 Kxf8 24. Qxc3 Bd7 25. Qc5+ Kf7 26. Rb1 Ne8 27. Rb3 Qd6 28. Qe3 c5 29. Rb7 Kg8 30. Rc1 Bc6 31. Rb2 c4 32. f4 Nf6 33. Qd4 Qa3 34. Qc3 Qxc3 35. Rxc3 Rc8 36. e3 Nd7 37. Ra3 Kf7 38. Kf1 Ke7 39. Bf3 g5 40. Bd1 Nc5 41. Bc2 1/2-1/2

[Event "NRW Class2 0304"]
[Site "Germany"]
[Date "2003.11.09"]
[Round "3.3"]
[White "Kalka, Arkadius Georg"]
[Black "Bornemann, Michael"]
[Result "1-0"]
[WhiteElo "2396"]
[BlackElo "2204"]
[PlyCount "75"]
[EventDate "2003.09.28"]
[EventType "team"]
[EventRounds "9"]
[EventCountry "GER"]
[SourceTitle "CBM 098 Extra"]
[Source "ChessBase"]
[SourceDate "2004.03.10"]
[SourceVersion "2"]
[SourceVersionDate "2004.03.10"]
[SourceQuality "1"]
[WhiteTeam "Gelsenkirchen Hassel"]
[BlackTeam "Hagen"]
[WhiteTeamCountry "GER"]
[BlackTeamCountry "GER"]

1. d4 e6 2. Nf3 Nf6 3. Bg5 d5 4. e3 Nbd7 5. Nbd2 c6 6. Bd3 Be7 7. c3 0-0 8. 0-0 Re8 9. Ne5 Nxe5 10. dxe5 Nd7 11. Bxe7 Qxe7 12. f4 b6 13. Qh5 g6 14. Qh6 Qf8 15. Qh3 Nc5 16. e4 a5 17. Rf2 Rd8 18. Re1 dxe4 19. Bxe4 Bb7 20. Qf3 Rab8 21. Nc4 Nxe4 22. Qxe4 c5 23. Qc2 Bd5 24. Nd6 b5 25. a4 b4 26. c4 Bc6 27. b3 f5 28. Qc1 Qe7 29. Qe3 Qa7 30. Rd1 Rd7 31. Rd3 Rbd8 32. Rfd2 Qb6 33. h4 Rg7 34. Ne4 Rxd3 35. Nf6+ Kf8 36. Rxd3 Re7 37. Rd6 Kg7 38. h5 1-0

[Event "Essen Easter op 9th"]
[Site "Essen"]
[Date "2003.04.19"]
[Round "6"]
[White "Sondermann, Dirk"]
[Black "Bornemann, Michael"]
[Result "1/2-1/2"]
[WhiteElo "2157"]
[BlackElo "2209"]
[PlyCount "43"]
[EventDate "2003.04.16"]
[EventType "swiss"]
[EventRounds "9"]
[EventCountry "GER"]
[SourceTitle "CBM 093 Extra"]
[Source "ChessBase"]
[SourceDate "2003.05.09"]
[SourceVersion "1"]
[SourceVersionDate "2003.05.09"]
[SourceQuality "1"]

1. d4 e6 2. c4 Nf6 3. Nf3 d5 4. Nc3 c6 5. e3 Nbd7 6. Bd3 Bd6 7. 0-0 0-0 8. e4 dxe4 9. Nxe4 Nxe4 10. Bxe4 Nf6 11. Bd3 h6 12. b3 b6 13. Bb2 Bb7 14. Qe2 c5 15. dxc5 Bxc5 16. Rad1 Qe7 17. Bxf6 Qxf6 18. Be4 Bxe4 19. Qxe4 Rad8 20. Qe2 Qc3 21. Ne5 Rd6 22. Rxd6 1/2-1/2

[Event "Essen Easter op 9th"]
[Site "Essen"]
[Date "2003.04.18"]
[Round "4"]
[White "Leveikina, Jevgenija"]
[Black "Bornemann, Michael"]
[Result "1/2-1/2"]
[WhiteElo "2017"]
[BlackElo "2209"]
[PlyCount "29"]
[EventDate "2003.04.16"]
[EventType "swiss"]
[EventRounds "9"]
[EventCountry "GER"]
[SourceTitle "CBM 093 Extra"]
[Source "ChessBase"]
[SourceDate "2003.05.09"]
[SourceVersion "1"]
[SourceVersionDate "2003.05.09"]
[SourceQuality "1"]

1. d4 e6 2. Nf3 Nf6 3. g3 d5 4. Bg2 c6 5. 0-0 Nbd7 6. Nbd2 Bd6 7. Re1 0-0 8. e4 dxe4 9. Nxe4 Nxe4 10. Rxe4 Nf6 11. Re1 Qb6 12. c3 c5 13. Qb3 Nd5 14. Bd2 cxd4 15. Qxb6 1/2-1/2

[Event "Borbecker Oster op 8th"]
[Site "Essen"]
[Date "2002.03.30"]
[Round "6.8"]
[White "Bornemann, Michael"]
[Black "Fiori, Bruno"]
[Result "1/2-1/2"]
[WhiteElo "2095"]
[BlackElo "2249"]
[PlyCount "24"]
[EventDate "2002.03.27"]
[EventType "swiss"]
[EventRounds "9"]
[EventCountry "GER"]
[SourceTitle "CBM 087 Extra"]
[Source "ChessBase"]
[SourceDate "2002.05.03"]
[SourceVersion "2"]
[SourceVersionDate "2002.08.09"]
[SourceQuality "1"]

1. d4 Nf6 2. c4 e6 3. Nc3 d5 4. Bg5 Nbd7 5. e3 Be7 6. Nf3 0-0 7. Bd3 h6 8. Bh4 b6 9. 0-0 Bb7 10. Rc1 c5 11. cxd5 exd5 12. Qe2 Ne4 1/2-1/2